000 01133nam a2200337 i 4500
001 000017135
003 DO-SdBNP
005 20240412074245.0
007 ta
008 100318s2007 dr 000 j spa d
020 _a9789945427158
040 _aDO-SdBNP
_bspa
_cBNPHU
_erda
041 _hspa
082 4 _aRD863.44
_bM766r
_222
100 1 _aMontás, Keiselim A.,
_d1968-
_937736
_eautor
245 1 0 _aReminiscencias /
_cKeiselim A. Montás ; edición Amado Alexis Santana Chalas.
264 _aSanto Domingo :
_bNacional,
_c2007.
300 _a53 páginas ;
_c23 cm.
336 _2rdacontent
_atexto
_btxt
337 _2rdamedia
_asin mediación
_bn
338 _2rdacarrier
_avolumen
_bnc
490 0 _aUltramar
500 _aIncluye datos biográficos del autor en la solapa de la cubierta.
586 _aPremio Concurso Literario "Letras de Ultramar" 2006, Cuento.
590 _aInventariado, 2020/MAA
650 0 _aCuentos dominicanos
_9176
650 0 _aLiteratura dominicana.
_967
700 1 _aSantana Chalas, Amado Alexis,
_eedición
_9854
910 _aValidado. Control de calidad EMS.
942 _2ddc
_cLBS1
999 _c16661
_d16661